Improcedencia de la aplicación de sanciones sobre el Impuesto a las salidas no documentadas (Registro nro. 14931)

Detalles MARC
000 -LEADER
fixed length control field 00372 a2200109 4500
001 - CONTROL NUMBER
control field ART_18229
005 - DATE AND TIME OF LATEST TRANSACTION
control field 20260410161658.0
008 - FIXED-LENGTH DATA ELEMENTS--GENERAL INFORMATION
fixed length control field 260409a
100 1# - MAIN ENTRY--PERSONAL NAME
Personal name ODonnell, Agustina
245 10 - TITLE STATEMENT
Title Improcedencia de la aplicación de sanciones sobre el Impuesto a las salidas no documentadas
773 0# - HOST ITEM ENTRY
Title Práctica profesional
Related parts - Nº 180 (dic. 2012)
Record control number REV542

No hay ítems disponibles.